000 00206 a2200097 4500
001 25673
100 _aHafiz, Sherazi
245 _aDewan-e-Hafiz
260 _a
_bSh Ghulam Ali
_c1968
090 _c17367
_d17367
942 _aNUST-CAE
_cM
_c8188
999 _c260746
_d260746